| 000 | 00498nab a2200145Ia 4500 | ||
|---|---|---|---|
| 003 | ES-SlBCS | ||
| 005 | 20210601133016.0 | ||
| 008 | 140529s1995 xxu||||| |||| 00| 0 ita d | ||
| 041 | _aita | ||
| 100 | 1 |
_aTibon-Cornillot, Michel _9201152 |
|
| 245 | 0 | 0 |
_aCasting ed eugenica. Ordine genetico e disordine sociale _c Michel Tibon-Cornillot |
| 650 | 0 | 4 |
_aDesorden Social _9188299 |
| 773 | 0 |
_tParolechiave (Nuova Serie di "Problemi del Socialismo") _gnº. 7-8, 1995, págs. 285-300 _wRev1681 |
|
| 942 | _cAR | ||
| 999 |
_c589183 _d589183 |
||